Parciálna produktivita

Keď je produktivita vyjadrená ako výstup podelený jedným typom vstupu, ako napr. výstup podelený prácou, miera sa uvádza ako "parciálna produktivita". Hodnotenie produktivity individuálnych zdrojov. Parciálne produktivity a ich vyjadrenie. Meranie parciálnej produktivity. Multifaktorová produktivita...

Full description

Saved in:
Bibliographic Details
Main Author: Hromada, Juraj
Other Authors: Kortišová, Martina
Format: Book Chapter
Language:Slovak
Subjects:
Tags: Add Tag
No Tags, Be the first to tag this record!

MARC

LEADER 00000naa a2200000 4500
001 r043907
005 20231002121050.9
041 0 |a slo 
044 |a SK 
245 1 0 |a Parciálna produktivita  |c Juraj Hromada, Martina Kortišová 
520 |a Keď je produktivita vyjadrená ako výstup podelený jedným typom vstupu, ako napr. výstup podelený prácou, miera sa uvádza ako "parciálna produktivita". Hodnotenie produktivity individuálnych zdrojov. Parciálne produktivity a ich vyjadrenie. Meranie parciálnej produktivity. Multifaktorová produktivita (MFP). Parciálna produktivita v praxi. 
610 2 0 |a produktivita 
610 2 0 |a meranie produktivity 
610 2 0 |a vstupy 
610 2 0 |a výstupy 
610 2 0 |a hodnota pridaná 
610 2 0 |a produktivita práce 
100 1 |a Hromada, Juraj 
700 1 |a Kortišová, Martina